Hợp tuyển thơ văn Việt Nam T.6 Văn học dân tộc ít người. Q.1
Giới thiệu tục ngữ dân ca, các bài hát nghi lễ phong tục của 15 dân tộc ít người Việt Nam (Tày, Nùng, Thái, Khơ mú, Mường, Lô Lô...)
Bewaard in:
| Hoofdauteur: | |
|---|---|
| Andere auteurs: | , , , |
| Formaat: | Boek |
| Taal: | Vietnamese |
| Gepubliceerd in: |
H.
Văn học
1979
|
| Editie: | In lần 2 có sửa chữa bổ sung |
| Onderwerpen: | |
| Tags: |
Voeg label toe
Geen labels, Wees de eerste die dit record labelt!
|
| Thư viện lưu trữ: | Mạng thư viện Đại học Đà Nẵng |
|---|
| LEADER | 01660nam a2200445 4500 | ||
|---|---|---|---|
| 001 | 000005242 | ||
| 003 | 1385 | ||
| 005 | 20110812160857.0 | ||
| 008 | 110812s1979 viesd | ||
| 020 | |c 19000đ | ||
| 041 | 0 | |a vie | |
| 082 | |a 895.9221 |b HOP | ||
| 100 | 0 | |a Nông Quốc Chấn | |
| 245 | 1 | 0 | |a Hợp tuyển thơ văn Việt Nam |c Nông Quốc Chấn ch.b., giới thiệu |n T.6 |p Văn học dân tộc ít người. Q.1 |
| 250 | |a In lần 2 có sửa chữa bổ sung | ||
| 260 | |a H. |b Văn học |c 1979 | ||
| 300 | |a 549 tr. |c 19 cm. | ||
| 520 | |a Giới thiệu tục ngữ dân ca, các bài hát nghi lễ phong tục của 15 dân tộc ít người Việt Nam (Tày, Nùng, Thái, Khơ mú, Mường, Lô Lô...) | ||
| 653 | |a Văn học dân gian | ||
| 653 | |a Dân tộc ít người | ||
| 653 | |a Nghi lễ | ||
| 653 | |a Phong tục | ||
| 653 | |a Tục ngữ | ||
| 653 | |a Dân ca | ||
| 700 | |a Hoàng Thao |e Biên soạn | ||
| 700 | |a Hà Văn Thư |e Biên soạn | ||
| 700 | |a Mạc Phi |e Biên soạn | ||
| 700 | |a Trần Văn Tấn |e Biên soạn | ||
| 773 | |t Hợp tuyển thơ văn Việt Nam |w 1382 | ||
| 910 | |a Huỳnh Thị Cẩm Lai |d 12/08/2011 | ||
| OWN | |a LSP | ||
| AVA | |a UDN50 |b LSP |d 895.9221 HOP |e available |t Error 5001 Not defined in file expand_doc_bib_avail. |f 4 |g 1 |h N |i 0 |k 1 | ||
| 999 | |a From the UDN01 | ||
| AVA | |a UDN50 |b LSP |d 895.9221 HOP |e available |t Error 5001 Not defined in file expand_doc_bib_avail. |f 4 |g 1 |h N |i 0 |k 1 | ||
| TYP | |a Monograph | ||
| TYP | |a Printed language | ||
| 980 | |a Mạng thư viện Đại học Đà Nẵng | ||